| 000 | 00485nam a22001337a 4500 | ||
|---|---|---|---|
| 040 | _cNUST | ||
| 082 | _a220 PRO | ||
| 100 |
_aMuhammad Minhaj Khokhar Ahmad Shams Malik Muhammad Usama Khan Muhammad Ashfaq _9103550 |
||
| 110 |
_aProject Supervisor: Asst. Prof. Sobia Hayee Co-Supervisor: Dr. Muwahida Liaqat _9103551 |
||
| 245 | _aPR-SOF-2191-Semantic Neural Translation Device | ||
| 260 |
_aIslamabad: _bNust College of EME, _c2022 |
||
| 650 |
_aDE-ELECT-40 _9103514 |
||
| 942 |
_2ddc _cPR |
||
| 999 |
_c592480 _d592480 |
||